Statistics for Winners of the UEFA Euros

Click here to take the quiz!

General Stats

  • This quiz has been taken 529 times
  • The average score is 15 of 16

Answer Stats

HintAnswer% Correct
2020Italy
99%
1968Italy
99%
2012Spain
99%
2008Spain
99%
1964Spain
99%
2000France
98%
1984France
98%
2016Portugal
98%
1996Germany
97%
1980West Germany
97%
1972West Germany
97%
2004Greece
89%
1988Netherlands
83%
1992Denmark
79%
1960Soviet Union
77%
1976Czechoslovakia
54%

Score Distribution

Percentile by Number Answered

Percent of People with Each Score

Your Score History

You have not taken this quiz